MARC details
| 000 -CABECERA |
| campo de control de longitud fija |
05217nam a2200481Ia 4500 |
| 001 - NÚMERO DE CONTROL |
| campo de control |
dia_4632 |
| 003 - IDENTIFICADOR DEL NÚMERO DE CONTROL |
| campo de control |
CHAP |
| 005 - FECHA Y HORA DE LA ÚLTIMA TRANSACCIÓN |
| campo de control |
20241105113949.0 |
| 007 - CAMPO FIJO DE DESCRIPCIÓN FÍSICA--INFORMACIÓN GENERAL |
| campo de control de longitud fija |
ta |
| 008 - DATOS DE LONGITUD FIJA--INFORMACIÓN GENERAL |
| campo de control de longitud fija |
220117s2010 mx abdefrm 001 0 spa d |
| 010 ## - NÚMERO DE CONTROL DE LA BIBLIOTECA DEL CONGRESO |
| Número de control de LC |
175308 |
| 040 ## - FUENTE DE LA CATALOGACIÓN |
| Centro/agencia transcriptor |
CHAP |
| Centro catalogador/agencia de origen |
mxchpua |
| Normas de descripción |
rda |
| 041 0# - CÓDIGO DE LENGUA |
| Código de lengua del texto/banda sonora o título independiente |
spa |
| Código de lengua del sumario o resumen |
eng |
| 090 ## - LOCALMENTE ASIGNADO TIPO-LC NÚMERO DE CLASIFICACIÓN (OCLC); NÚMERO DE CLASIFICACIÓN LOCAL (RLIN) |
| Número de clasificación (OCLC) (R) ; Numero de clasificación, CALL (RLIN) (NR) |
Tesis |
| Número cutter local (OCLC) ; Número de libro/Signatura topográfica íntegra, CALL (RLIN) |
T67 |
| año |
2010 |
| 100 1# - ENTRADA PRINCIPAL--NOMBRE DE PERSONA |
| Nombre de persona |
Torres Clemente, Osvaldo |
| 240 10 - TÍTULO UNIFORME |
| Título uniforme |
Feasibility study for technical-economic packing installation of a lychee (Litchi chinensis soon) in the municipality of Tamiahua, Veracruz. |
| Lenguaje de la obra |
Español |
| 245 10 - MENCIÓN DE TÍTULO |
| Título |
Estudio de factibilidad técnico-económico para la Instalación de una empacadora de linchi (Linchi chinencis soon) en el Municipio de Tamiahua, Veracruz / |
| Mención de responsabilidad, etc. |
Osvaldo Torres Clemente |
| 264 ## - PRODUCCIÓN, PUBLICACIÓN, DISTRIBUCIÓN, FABRICACIÓN Y COPYRIGHT |
| Producción, publicación, distribución, fabricación y copyright |
Chapingo, México : |
| Nombre del de productor, editor, distribuidor, fabricante |
El autor, |
| Fecha de producción, publicación, distribución, fabricación o copyright |
2010 |
| 300 ## - DESCRIPCIÓN FÍSICA |
| Extensión |
xiv, 89 hojas : |
| Otras características físicas |
ilustraciones, mapas, gráficas, diagramas, tablas, fotos, planos + |
| Material acompañante/anejo |
1 CD-ROM |
| 336 ## - TIPO DE CONTENIDO |
| Fuente |
rdacontent |
| Término de tipo de contenido |
texto |
| Código de tipo de contenido |
txt |
| 337 ## - TIPO DE MEDIO |
| Fuente |
rdamedia |
| Nombre/término del tipo de medio |
no mediado |
| Código del tipo de medio |
n |
| 338 ## - TIPO DE SOPORTE |
| Fuente |
rdacarrier |
| Nombre/término del tipo de soporte |
volumen |
| Código del tipo de soporte |
nc |
| 500 ## - NOTA GENERAL |
| Nota general |
El CD contiene el reporte --<br/>Los planos están incluidos en el reporte |
| 502 ## - NOTA DE TESIS |
| Nota de tesis |
Tesis |
| Tipo de título |
(Ingeniero Agroindustrial) -- |
| Nombre de la institución que otorga el título |
UACh. Departamento de Ingenieria Agroindustrial, |
| Año de obtención del título |
2010 |
| 504 ## - NOTA DE BIBLIOGRAFÍA, ETC. |
| Nota de bibliografía, etc. |
Bibliografía: hojas 76-79 |
| 505 0# - NOTA DE CONTENIDO CON FORMATO |
| Nota de contenido con formato |
5 planos --<br/>1. Plano corte transversal de la cámara frigorífica --<br/>2. Plano corte longitudinal de la cámara frigorífica --<br/>3. Plano de distribución de áreas --<br/>4. Plano de distribución de equipo --<br/>5. Diagrama de recorrido |
| 520 3# - SUMARIO, ETC. |
| Sumario, etc. |
El presente estudio tiene la finalidad de evaluar la factibilidad técnico económico para el establecimiento de una empacadora de litchi, en el municipio de Tamihaua, Veracruz, con el objeto que ésta pueda agregar valor a la producción; mediante el acondicionamiento de la fruta para el mercado en fresco, y todos sus procesos necesarios para llevarlo hasta el consumidor con la calidad, presentación y servicios adecuados. Además se pretende aprovechar la materia prima de la región para evitar el coyotaje y a si mejorar los ingresos de los productores. La metodología utilizada fue la propuesta por la SAGAR (1985), complementada con la propuesta de Ponce (2006), que comprende los siguientes aspectos: diagnóstico del área, mercado y materias primas, evaluación social y administrativa, el estudio técnico y de ingeniería, el análisis financiero y evaluación del impacto ambiental. Para este proyecto se determinó que es necesaria una inversión de $ 10, 631,600.67 y tras analizar su comportamiento en un horizonte de 10 años, los indicadores financieros obtenidos fueron: una Tasa Interna de Retorno (TIR) de 83.78%, con un Valor Actual Neto (VAN) de $17, 85,424.52 y una relación beneficio costo (B/C) 1.56. Se determinó también mediante un análisis de sensibilidad que aun cuando el precio del producto disminuya, el valor de la TIR y la VAN, en la evaluación del proyecto siguen siendo aceptables. Finalmente se concluye que la instalación y puesta en marcha de este proyecto es técnica, económica, social y<br/>ambientalmente factible. -- |
| 520 3# - SUMARIO, ETC. |
| Sumario, etc. |
The present study aims to evaluate the technical and economic feasibility for the establishment of a litchi packing in the municipality of Tamihaua, Veracruz, in order that it can add value to production, by conditioning the fruit for market fresh, and all the processes needed to bring it to the consumer with quality, presentation and appropriate services. In addition it is intended to take the raw material of the region to avoid coyotaje and whether improving the incomes of producers. The methodology used was that proposed by the SAGAR (1985), supplemented with the proposed Ponce (2006), which comprises the following aspects: diagnosis of the area, and raw materials market, social and administrative assessment, the technical study and engineering financial analysis and environmental impact assessment. For this project it was determined that it is necessary an investment of $ 10, 631,600.67 Mexican pesos and after analyzing their behavior in a horizon of 10 years, the financial indicators were obtained: an Internal Rate of Return (IRR) of 83.78% with a Net Present Value (NPV) of $ 17, 85424.52 and a benefit cost (B / C) 1.56. Was determined by a sensitivity analysis that even if the product price decreases, the value of the TIR and VAN in the evaluation of the project is still acceptable. Finally you conclude that the installation and setting in march of this project is technically, economically, socially and environmentally feasible. |
| 650 13 - PUNTO DE ACCESO ADICIONAL DE MATERIA--TÉRMINO DE MATERIA |
| Término de materia o nombre geográfico como elemento de entrada |
Litchis |
| Fuente del encabezamiento o término |
atg |
| Subdivisión general |
Planta empacadora |
| 650 13 - PUNTO DE ACCESO ADICIONAL DE MATERIA--TÉRMINO DE MATERIA |
| Término de materia o nombre geográfico como elemento de entrada |
Iniciativa empresarial |
| Subdivisión geográfica |
México |
| -- |
Veracruz |
| 650 13 - PUNTO DE ACCESO ADICIONAL DE MATERIA--TÉRMINO DE MATERIA |
| Término de materia o nombre geográfico como elemento de entrada |
Litchis |
| Fuente del encabezamiento o término |
atg |
| Subdivisión general |
Packing houses |
| 650 13 - PUNTO DE ACCESO ADICIONAL DE MATERIA--TÉRMINO DE MATERIA |
| Término de materia o nombre geográfico como elemento de entrada |
Entrepreneurship |
| Subdivisión geográfica |
Mexico |
| -- |
Veracruz |
| Fuente del encabezamiento o término |
atg |
| 700 1# - PUNTO DE ACCESO ADICIONAL--NOMBRE DE PERSONA |
| Nombre de persona |
Ponce Hernández, Pedro |
| Término indicativo de función/relación |
director |
| 700 1# - PUNTO DE ACCESO ADICIONAL--NOMBRE DE PERSONA |
| Nombre de persona |
Mena Nevárez, Gustavo |
| Término indicativo de función/relación |
asesor |
| 700 1# - PUNTO DE ACCESO ADICIONAL--NOMBRE DE PERSONA |
| Nombre de persona |
Szymanski Duque, Rosa Guadalupe |
| Término indicativo de función/relación |
asesora |
| 856 41 - LOCALIZACIÓN Y ACCESO ELECTRÓNICOS |
| Identificador Uniforme del Recurso |
<a href="http://10.13.5.2/tesis/110434.pdf">http://10.13.5.2/tesis/110434.pdf</a> |
| Texto de enlace |
DESCARGAR PDF |
| 901 ## - ELEMENTOS DE DATOS A LOCAL LDA (RLIN) |
| a |
Tesis T67 2010 |
| 942 ## - ELEMENTOS DE PUNTO DE ACCESO ADICIONAL (KOHA) |
| Tipo de ítem Koha |
TESIS |
| Fuente del sistema de clasificación o colocación |
Clasificación Universidad Autónoma Chapingo |
| 902 ## - ELEMENTOS DE DATOS B LOCAL, LDB (RLIN) |
| a |
M |
| 905 ## - ELEMENTOS DE DATOS E LOCAL, LDE (RLIN) |
| a |
0000002010 MX A M 0000000000SPA00 |